| 000 | 00600nam a2200205Ia 4500 | ||
|---|---|---|---|
| 003 | GCL | ||
| 008 | 140319s9999 xx 000 0 ara d | ||
| 040 |
_aGCL / _cGCL |
||
| 082 | 0 | 4 |
_a922.117 _bا ح |
| 100 | 1 | _aالسيد احمد طعيمة | |
| 245 | 1 | 0 |
_aحياة السيد البدوى / _cالسيد احمد طعيمة |
| 300 | _a159 ص | ||
| 490 |
_aمذاهب وشخصيات _v0 |
||
| 650 | 0 | 4 | _aالاسلام |
| 650 | 0 | 4 | _aالتراجم |
| 650 | 0 | 4 | _aالاصلاح الدينى |
| 650 | 0 | 4 | _aالرجال - تراجم |
| 650 | 0 | 4 | _aالمصلحون - تراجم |
| 942 |
_2ddc _cBK |
||
| 999 |
_c50643 _d50643 |
||